[Event "POL-ch Rapid"]
[Site "Lublin"]
[Date "2024.10.05"]
[Round "1"]
[White "Sieciechowicz, Marcin"]
[Black "Kilanski, Janusz"]
[Result "1-0"]
[WhiteElo "2416"]
[BlackElo "1668"]
[PlyCount "100"]
[EventDate "2024.10.05"]
[EventType "swiss (rapid)"]
[EventRounds "9"]
[EventCountry "POL"]
[SourceTitle "CB45_2024"]
[Source "ChessBase"]
[SourceDate "2024.11.06"]
[SourceVersion "1"]
[SourceVersionDate "2024.11.06"]
[SourceQuality "1"]

1. d4 Nf6 2. Bf4 e6 3. e3 d5 4. Nf3 a6 5. c3 Bd6 6. Bg3 Qe7 7. Bd3 Nbd7 8. Nbd2 c5 9. Qe2 0-0 10. 0-0 b6 11. e4 dxe4 12. Nxe4 Bxg3 13. hxg3 Bb7 14. Rfe1 cxd4 15. Nxd4 Nxe4 16. Bxe4 Bxe4 17. Qxe4 Nc5 18. Qe3 Qc7 19. Rad1 Rfd8 20. Qe2 b5 21. Qf3 Rac8 22. Qf4 Qb6 23. Qe3 Na4 24. Rd2 Qc7 25. Red1 Nb6 26. Nf3 h6 27. Rd4 Nd5 28. Qe2 Nb6 29. Ne5 Rxd4 30. Rxd4 Rd8 31. Qd3 Rxd4 32. Qxd4 Nd5 33. Nf3 a5 34. a4 bxa4 35. Qxa4 Nf6 36. Qd4 Nd5 37. c4 Nb4 38. Ne5 f6 39. Nf3 Kf7 40. Nd2 e5 41. Qe4 Qd7 42. Nf3 Nd3 43. Qe2 a4 44. Qc2 e4 45. Nd2 f5 46. Nf1 Nc5 47. Qc3 g6 48. Ne3 Qd3 49. Qh8 Ne6 50. Kh2 h5 1-0

[Event "POL-chT 1st League"]
[Site "Darlowo"]
[Date "2024.09.20"]
[Round "7.7"]
[White "Solodovnichenko, Yuri"]
[Black "Sieciechowicz, Marcin"]
[Result "1-0"]
[WhiteElo "2490"]
[BlackElo "2419"]
[PlyCount "81"]
[EventDate "2024.09.14"]
[EventType "team-swiss"]
[EventRounds "9"]
[EventCountry "POL"]
[SourceTitle "EXT 2025"]
[Source "ChessBase"]
[SourceDate "2024.10.14"]
[SourceVersion "1"]
[SourceVersionDate "2024.10.14"]
[SourceQuality "1"]

1. e4 e6 2. d4 d5 3. Nc3 Bb4 4. e5 c5 5. Bd2 Ne7 6. a3 Bxc3 7. Bxc3 b6 8. h4 Ba6 9. Bxa6 Nxa6 10. h5 h6 11. Qe2 Nb8 12. f4 Nf5 13. Rh3 Nc6 14. Nf3 cxd4 15. Bd2 Qd7 16. 0-0-0 0-0-0 17. g4 Nfe7 18. b4 Kb7 19. b5 Nb8 20. Bb4 Rc8 21. Rxd4 Rc7 22. Nd2 Rhc8 23. c3 a5 24. bxa6+ Nxa6 25. Ne4 Nc6 26. Nd6+ Ka7 27. Nxc8+ Qxc8 28. Rd2 Ncxb4 29. axb4 Rxc3+ 30. Rc2 Rxc2+ 31. Qxc2 Qd7 32. Ra3 Kb7 33. Qa4 Qc7+ 34. Kd2 Qc4 35. b5 Qxa4 36. Rxa4 Nc5 37. Ra3 d4 38. Ke2 Kb8 39. Kf3 Kb7 40. Ra1 Nb3 41. Rd1 1-0

[Event "POL-chT 1st League"]
[Site "Darlowo"]
[Date "2024.09.18"]
[Round "5.13"]
[White "Pacan Milej, Kosma"]
[Black "Sieciechowicz, Marcin"]
[Result "1/2-1/2"]
[WhiteElo "2430"]
[BlackElo "2419"]
[PlyCount "22"]
[EventDate "2024.09.14"]
[EventType "team-swiss"]
[EventRounds "9"]
[EventCountry "POL"]
[SourceTitle "EXT 2025"]
[Source "ChessBase"]
[SourceDate "2024.10.14"]
[SourceVersion "1"]
[SourceVersionDate "2024.10.14"]
[SourceQuality "1"]

1. d4 d5 2. c4 c6 3. cxd5 cxd5 4. Nc3 Nc6 5. Bf4 Nf6 6. e3 Bf5 7. Nf3 e6 8. Bd3 Bxd3 9. Qxd3 Bd6 10. Bxd6 Qxd6 11. 0-0 0-0 1/2-1/2